| 000 | 00571nam a22001937a 4500 | ||
|---|---|---|---|
| 003 | OSt | ||
| 005 | 20140310181707.0 | ||
| 008 | 121123t xxu||||| |||| 00| 0 eng d | ||
| 020 | _a9715692176 | ||
| 050 |
_aHB 74.9 _b.In61 1997 |
||
| 082 |
_2FIL 330.7 _bHe42 1997 |
||
| 245 |
_aAn introduction to Economics and economic development issues in the Philippines / _cedited by Reuel R. Hermoso. |
||
| 260 |
_aMakati City : _bBookmark Inc., _c1997. |
||
| 300 |
_g28 cm. _axi. 145 p. ; _bill. ; |
||
| 562 | _e1 | ||
| 650 | _aEconomics | ||
| 942 |
_2lcc _cBK _kFIL |
||
| 999 |
_c1400 _d1400 |
||